000 00346pab a2200145 454500
008 180718b1995 xxu||||| |||| 00| 0 eng d
100 _aKulshreshtha, C.M.
245 _aSenior citizens
_bconcept of social security.
260 _c1995
300 _ap.10
362 _a26 Oct
650 _aOld age - India
773 _aTribune
909 _a30549
999 _c30549
_d30549